000 00571nam a22002057a 4500
003 KOHA_MİRAKIL
005 20260323111802.0
008 260323b tu ||||| |||| 00| 0 tur d
020 _a9786052957103
040 _aTR-AnABB
_btur
_cTR-AnABB
041 _atur
082 _a923.2
_bKAR 2019
100 1 _aKaraören, Sami
245 1 0 _aGüzel günlerimiz oldu /
_cSami Karaören
260 _aİstanbul :
_bTürkiye İş Bankası ,
_c2019
300 _a179 sayfa
_c20 cm
650 0 4 _aOtobiyografi
900 _bCan ÇELIK
942 _2ddc
_cBK
999 _c9995
_d9995